000 00396nam a22001457a 4500
005 20200618144854.0
008 200618b xxu||||| |||| 00| 0 eng d
082 _a345.4 AIR
110 _aALL INDIA REPORTER
_96191
245 _aALL INDIA REPORTER [1991] [VOL-78] RAJASTHAN SECTION
260 _aMUMBAI
_bALL INDIA REPORTER, PVT. LTD.
300 _a48;p
650 _aLAW
_95701
942 _cJRL
999 _c7241
_d7239